000 00519nam a2200217Ia 4500
003 OSt
005 20220928140442.0
006 a|||||r|||| 00| 0
007 ta
008 220927b |||||||| |||| 00| 0 eng d
024 _a8413
037 _cTextual
040 _aSDCL
_cSDCL
_beng
041 _2eng
_aeng
082 _aO-,2N33,2, L2
100 _aWhitehead E A
_9495193
245 0 _aFoursome.
260 _c1972
942 _hO-,2N33,2, L2
_cTEXL
_2CC
999 _c811340
_d811340